| 000 | 00542nam a2200157Ia 4500 | ||
|---|---|---|---|
| 008 | 230907s9999||||xx |||||||||||||| ||und|| | ||
| 082 |
_a628.1 _bABE |
||
| 100 |
_aAbeera Ayaz Ansari (NUST201260735MCES64112F) _9116281 |
||
| 245 | 0 | _aPotential of local algae strains for possible hydrogen production and phytroemediation of wastewater / | |
| 260 |
_aUSPCAS-E, NUST, _bIslamabad : _c2014 |
||
| 300 | _aix, 135+xlvii p. : | ||
| 520 | _aTH-11 | ||
| 650 |
_aMS-ESE Thesis MS Thesis _9116282 |
||
| 700 |
_aDr Ehsan Ali _928947 |
||
| 942 |
_cTHE _2ddc |
||
| 999 |
_c601690 _d601690 |
||